000 00520nam a2200169 a 4500
001 000027273
005 20200930030721.0
008 110330s2006 dr a 000 0 spa d
020 _a9993458333
040 _aDO-SdBNP
_bspa
_cBNPHU
100 1 _aVicioso Galán, Horacio Manuel
_954331
245 1 0 _aCancilleres dominicanos. /
_cHoracio Manuel Vicioso Galán.
260 _aSanto Domingo, :
_bHoracio Vicioso Galán,
_c2006.
300 _a392 p. :
_bil. ;
_c23 cm.
504 _aBibliografía: p: 390-391
049 _aBNPD
999 _c26765
_d26765